000 00670nam a2200217 a 4500
005 20240704063720.0
008 991125s1995 mad 000 0 spa u
020 _a8478841563
035 _aUPN01000008583
049 _aCG
050 4 _aLC45.8 E8
_bC6
245 0 0 _aCoeducación y tiempo libre /
_cMa. Angeles Cremades... [et al.] ; coord. Sara Acuña Franco.
260 _aMadrid :
_bPopular,
_c1995.
300 _a189 p. :
_bil.
440 0 _aTiempo libre ;
_v8
520 _a"Escuela de Animación y Educación Juvenil de la Comunidad de Madrid"
650 4 _aEducación no formal
_99143
650 2 _aTiempo libre
_94888
905 _aLibro
999 _c8583
_d8583